MARC

Tag First Indicator Second Indicator Subfields
LEADER 00000pam a2200000 a 4500
001 in00000084170
005 20151008055708.0
008 810730s1981 nyua b 00100 eng
010 |a  81012873  
020 |a 0127520503 
035 |a (OCoLC)07738923 
035 |9 AAJ4140AM 
039 0 |a 2  |b 3  |c 3  |d 3  |e 3 
040 |a DLC  |c DLC  |d TXA  |d UtOrBLW 
049 |a TXAM  |c [1196251] 
050 0 0 |a RM345  |b .C35 
060 0 |a QV 150 C264 
082 0 |a 615/.71  |2 19 
245 0 0 |a Cardiac pharmacology /  |c edited by R. Douglas Wilkerson. 
264 1 |a New York :  |b Academic Press,  |c 1981. 
300 |a xv, 447 pages :  |b illustrations ;  |c 24 cm. 
336 |a text  |b txt  |2 rdacontent 
337 |a unmediated  |b n  |2 rdamedia 
338 |a volume  |b nc  |2 rdacarrier 
490 1 |a Physiologic and pharmacologic bases of drug therapy ;  |v 2 
504 |a Includes bibliographies and index. 
650 0 |a Heart  |x Effect of drugs on. 
650 0 |a Cardiovascular agents  |x Physiological effect. 
650 2 |a Cardiovascular Agents  |x pharmacology. 
650 2 |a Cardiovascular Diseases  |x Drug theraphy. 
700 1 |a Wilkerson, R. Douglas. 
830 0 |a Physiologic and pharmacologic bases of drug therapy ;  |v 2. 
999 |a MARS 
999 f f |s b9794b62-799e-3aaa-910f-bbee51b23b60  |i 89b77abf-0622-329d-89e8-84d95c0ca9c4  |t 0 
952 f f |p ric  |a Texas A&M University  |b Rellis Campus  |c Joint Library Facility  |d Remote Storage  |t 0  |e RM345 .C35  |h Library of Congress classification  |i unmediated -- volume  |m A14806232903 
998 f f |a RM345 .C35  |t 0  |l Remote Storage